000
00308nam a22001337a 4500
003
SGT
020
_a
9789358570274
082
_a
174
_b
RAW
100
_a
RAWAL , KUNAL
245
_a
A TEXTBOOK OF HUMAN VALUE & PROFESSIONAL ETHICS
260
_a
BHOPAL
_b
NITYA BOOKS
_c
2023
300
_a
89
942
_2
ddc
_c
BK
_0
1
999
_c
25201
_d
25201